[Event "GER-chT U20 Girls"]
[Site "Osnabrueck"]
[Date "2015.12.30"]
[Round "7.2"]
[White "Lederer, Leia"]
[Black "Polert, Annika"]
[Result "1/2-1/2"]
[WhiteElo "1541"]
[BlackElo "1904"]
[PlyCount "41"]
[EventDate "2015.12.27"]
[EventType "team-swiss"]
[EventRounds "7"]
[EventCountry "GER"]
[SourceTitle "EXT 2017"]
[Source "ChessBase"]
[SourceDate "2016.10.25"]
[SourceVersion "1"]
[SourceVersionDate "2016.10.25"]
[SourceQuality "1"]
[WhiteTeam "Stuttgart Wolfbusch"]
[BlackTeam "Harksheide"]
[WhiteTeamCountry "GER"]
[BlackTeamCountry "GER"]

1. e4 c5 2. Nf3 a6 3. d4 cxd4 4. Nxd4 Nf6 5. Nc3 e5 6. Nb3 Bb4 7. Bd3 0-0 8. Bg5 Bxc3+ 9. bxc3 d6 10. 0-0 h6 11. Bh4 Be6 12. Bg3 Qc7 13. c4 Nbd7 14. f4 Rfd8 15. Nd2 exf4 16. Bxf4 Ng4 17. Qf3 Nde5 18. Qg3 Qc5+ 19. Kh1 g5 20. Rae1 gxf4 21. Rxf4 1/2-1/2

[Event "GER-chT U20 Girls"]
[Site "Osnabrueck"]
[Date "2015.12.27"]
[Round "2.2"]
[White "Mangei, Jasmin"]
[Black "Polert, Annika"]
[Result "1-0"]
[WhiteElo "1872"]
[BlackElo "1904"]
[PlyCount "105"]
[EventDate "2015.12.27"]
[EventType "team-swiss"]
[EventRounds "7"]
[EventCountry "GER"]
[SourceTitle "EXT 2017"]
[Source "ChessBase"]
[SourceDate "2016.10.25"]
[SourceVersion "1"]
[SourceVersionDate "2016.10.25"]
[SourceQuality "1"]
[WhiteTeam "Karlsruhe"]
[BlackTeam "Harksheide"]
[WhiteTeamCountry "GER"]
[BlackTeamCountry "GER"]

1. e4 d6 2. d4 Nf6 3. Nc3 g6 4. Nf3 Bg7 5. h3 0-0 6. Be3 c6 7. Qd2 Nbd7 8. Be2 e5 9. 0-0 Qc7 10. Bh6 Re8 11. Bxg7 Kxg7 12. Rad1 Nh5 13. Bc4 b5 14. Bb3 a6 15. Ng5 Re7 16. Ne2 Nf8 17. Qe3 h6 18. Nf3 Nf6 19. Ng3 exd4 20. Qd3 c5 21. c4 b4 22. Bc2 Bb7 23. Rfe1 N8d7 24. Qd2 Ne5 25. Nh4 Bc8 26. b3 Bd7 27. f4 Nc6 28. Qd3 Rae8 29. Kf1 Ng8 30. f5 Ne5 31. Qd2 g5 32. Nh5+ Kf8 33. f6 Re6 34. Nf5 Nxf6 35. Nhg7 Ng8 36. Nxe8 Bxe8 37. Qe2 f6 38. Kg1 Bg6 39. Qf2 Ke8 40. Qg3 Qh7 41. a3 a5 42. axb4 axb4 43. Ra1 Bxf5 44. exf5 Re7 45. Ra6 Rd7 46. Qf3 h5 47. Qd5 Ne7 48. Ra8+ Rd8 49. Rxd8+ Kxd8 50. Qxd6+ Nd7 51. Ra1 Nc8 52. Ra8 Qg8 53. Qc6 1-0

[Event "GER-chT U20 Girls"]
[Site "Osnabrueck"]
[Date "2015.12.27"]
[Round "1.2"]
[White "Polert, Annika"]
[Black "Kluge, Leyla"]
[Result "1-0"]
[WhiteElo "1904"]
[BlackElo "1663"]
[PlyCount "69"]
[EventDate "2015.12.27"]
[EventType "team-swiss"]
[EventRounds "7"]
[EventCountry "GER"]
[SourceTitle "EXT 2017"]
[Source "ChessBase"]
[SourceDate "2016.10.25"]
[SourceVersion "1"]
[SourceVersionDate "2016.10.25"]
[SourceQuality "1"]
[WhiteTeam "Harksheide"]
[BlackTeam "Chemnitz USG"]
[WhiteTeamCountry "GER"]
[BlackTeamCountry "GER"]

1. e4 c5 2. Nf3 Nc6 3. Bb5 g6 4. Bxc6 bxc6 5. d3 Bg7 6. 0-0 d6 7. Re1 Bg4 8. h3 Bxf3 9. Qxf3 Qb6 10. Nd2 Rd8 11. Nc4 Qa6 12. e5 d5 13. Nd2 Nh6 14. c3 0-0 15. Nb3 c4 16. Nc5 Qb5 17. d4 Qb8 18. g4 Qc8 19. Qg3 f6 20. e6 f5 21. Qh4 f4 22. Qxe7 Bf6 23. Qxa7 Rfe8 24. Bxf4 Nxg4 25. hxg4 Re7 26. Qa6 Bh4 27. Qxc8 Rxc8 28. Kg2 Rce8 29. a4 Ra7 30. Bg3 Be7 31. Nd7 Ra5 32. f4 c5 33. f5 gxf5 34. gxf5 Bg5 35. f6 1-0

[Event "BL2 Ost 1516 (Women)"]
[Site "Germany"]
[Date "2015.09.27"]
[Round "2.3"]
[White "Polert, Annika"]
[Black "Naumann, Nadine"]
[Result "1/2-1/2"]
[WhiteElo "1872"]
[BlackElo "1963"]
[PlyCount "31"]
[EventDate "2015.09.26"]
[EventType "team-tourn"]
[EventRounds "7"]
[EventCountry "GER"]
[SourceTitle "EXT 2017"]
[Source "ChessBase"]
[SourceDate "2016.10.25"]
[SourceVersion "1"]
[SourceVersionDate "2016.10.25"]
[SourceQuality "1"]
[WhiteTeam "Harksheide (W)"]
[BlackTeam "Loeberitz (W)"]
[WhiteTeamCountry "GER"]
[BlackTeamCountry "GER"]

1. g3 d5 2. Bg2 c6 3. Nf3 Nd7 4. d3 e5 5. 0-0 Ngf6 6. Nbd2 Bc5 7. e4 dxe4 8. dxe4 0-0 9. c3 Re8 10. Qc2 Qc7 11. b4 Bf8 12. a3 c5 13. b5 a6 14. bxa6 Rxa6 15. c4 Nb6 16. Bb2 1/2-1/2

[Event "GER-ch U18 Girls"]
[Site "Magdeburg"]
[Date "2014.06.10"]
[Round "4"]
[White "Polert, Annika"]
[Black "Winterholler, Christina"]
[Result "1/2-1/2"]
[WhiteElo "1785"]
[BlackElo "1929"]
[PlyCount "137"]
[EventDate "2014.06.08"]
[EventType "swiss"]
[EventRounds "9"]
[EventCountry "GER"]
[SourceTitle "CBM 160 Extra"]
[Source "ChessBase"]
[SourceDate "2014.07.01"]
[SourceVersion "1"]
[SourceVersionDate "2014.07.01"]
[SourceQuality "1"]

1. e4 e5 2. Nf3 Nc6 3. Bb5 a6 4. Ba4 Nf6 5. d4 Nxd4 6. Nxd4 exd4 7. Qxd4 c5 8. Qe5+ Qe7 9. Qxe7+ Bxe7 10. c4 Nxe4 11. 0-0 Nd6 12. Bb3 b5 13. cxb5 c4 14. Bc2 axb5 15. Nc3 Bb7 16. Re1 Bc6 17. Bf4 Nc8 18. Be4 0-0 19. Nxb5 d5 20. Nd4 Bb7 21. Bf3 g5 22. Bd2 Bf6 23. Bc3 Nb6 24. a3 Na4 25. Nb5 Nxc3 26. Nxc3 Bxc3 27. bxc3 Rfe8 28. Rxe8+ Rxe8 29. a4 f5 30. h3 Rd8 31. a5 Rd6 32. Kf1 Ba6 33. Rd1 Bb7 34. Ke1 Kg7 35. Kd2 Kf6 36. Rb1 Ba6 37. Rb8 h6 38. Ke3 d4+ 39. cxd4 f4+ 40. Ke2 c3+ 41. Kd1 Bd3 42. Rb6 Ke7 43. Rxd6 Kxd6 44. Bb7 Kc7 45. a6 Kb6 46. Kc1 Ka7 47. g3 fxg3 48. fxg3 Kb6 49. Bc8 Ka7 50. g4 Kb6 51. Kd1 Ka7 52. Bf5 Bxa6 53. Kc2 Kb6 54. Kxc3 Bf1 55. Be6 Kc6 56. Kd2 Bxh3 57. Ke3 Bg2 58. Bf5 Kd5 59. Bc8 Kd6 60. Ba6 Bd5 61. Be2 Ke6 62. Bf3 Bc4 63. Bb7 Bb3 64. Kd3 Kd6 65. Bf3 Bf7 66. Ke4 Bg6+ 67. Ke3 Bf7 68. Kd3 Bg6+ 69. Ke3 1/2-1/2

[Event "Schleswig Holstein-ch U16"]
[Site "Neumuenster"]
[Date "2014.04.22"]
[Round "3"]
[White "Kololli, Martin"]
[Black "Polert, Annika"]
[Result "1/2-1/2"]
[WhiteElo "2070"]
[BlackElo "1841"]
[PlyCount "59"]
[EventDate "2014.04.??"]
[EventType "swiss"]
[EventRounds "9"]
[EventCountry "GER"]
[SourceTitle "EXT 2022"]
[Source "ChessBase"]
[SourceDate "2021.10.06"]
[SourceVersion "1"]
[SourceVersionDate "2021.10.06"]
[SourceQuality "1"]

1. e4 c5 2. c3 d5 3. exd5 Qxd5 4. d4 Nc6 5. Nf3 Bf5 6. Be3 cxd4 7. cxd4 Bxb1 8. Rxb1 e6 9. a3 Nf6 10. Bd3 Bd6 11. 0-0 0-0 12. Bc2 Rfd8 13. Qd3 Qh5 14. h3 Ne7 15. Rbc1 Ned5 16. Qd2 Nb6 17. Rfe1 Rac8 18. Bd3 h6 19. Ne5 Rxc1 20. Rxc1 Bxe5 21. dxe5 Nfd5 22. Bd4 Qh4 23. Re1 Qg5 24. Qxg5 hxg5 25. Be4 Nc4 26. Bxa7 Nxb2 27. Rc1 g6 28. Bd4 Na4 29. Rc4 b5 30. Rc2 1/2-1/2

[Event "GER-chT U20 Girls"]
[Site "Osnabrueck"]
[Date "2013.12.29"]
[Round "6.1"]
[White "Polert, Annika"]
[Black "Eue, Vicky"]
[Result "1-0"]
[WhiteElo "1852"]
[BlackElo "1537"]
[PlyCount "103"]
[EventDate "2013.12.27"]
[EventType "team-swiss"]
[EventRounds "7"]
[EventCountry "GER"]
[SourceTitle "EXT 2015"]
[Source "ChessBase"]
[SourceDate "2014.11.20"]
[SourceVersion "1"]
[SourceVersionDate "2014.11.20"]
[SourceQuality "1"]
[WhiteTeam "Harksheide"]
[BlackTeam "Leegebruch"]
[WhiteTeamCountry "GER"]
[BlackTeamCountry "GER"]

1. c4 e5 2. Nc3 Nf6 3. g3 d5 4. cxd5 Nxd5 5. Bg2 Nxc3 6. bxc3 g6 7. Nf3 Bg7 8. Ba3 Nc6 9. 0-0 e4 10. Ne1 f5 11. Qc2 Be6 12. d3 exd3 13. exd3 Qd7 14. Rb1 0-0-0 15. Qb2 b6 16. Nc2 Bd5 17. Bxd5 Qxd5 18. d4 f4 19. f3 Qg5 20. Qb5 Qxb5 21. Rxb5 fxg3 22. hxg3 a6 23. Rg5 Bh6 24. Rg4 Na5 25. Be7 Rde8 26. Bf6 Rhf8 27. Be5 Nc4 28. f4 Rf7 29. Re1 Bf8 30. Nb4 Bxb4 31. cxb4 Rfe7 32. Rh4 h5 33. Rh2 Kd7 34. Rc2 b5 35. a4 c6 36. axb5 cxb5 37. Ra2 Ra8 38. Rea1 Nxe5 39. dxe5 Re6 40. Rd2+ Ke7 41. Rad1 Ra7 42. Rd3 Rc7 43. Kg2 Kf7 44. Kh3 Rce7 45. Kh4 Kg7 46. Rd8 Kh6 47. Rh8+ Rh7 48. Rxh7+ Kxh7 49. Rd6 Re7 50. Rxa6 Rb7 51. Kg5 Kg7 52. Rxg6+ 1-0

[Event "GER-chT U20 Girls"]
[Site "Osnabrueck"]
[Date "2013.12.27"]
[Round "1.1"]
[White "Evers, Annika"]
[Black "Polert, Annika"]
[Result "0-1"]
[WhiteElo "1783"]
[BlackElo "1852"]
[PlyCount "84"]
[EventDate "2013.12.27"]
[EventType "team-swiss"]
[EventRounds "7"]
[EventCountry "GER"]
[SourceTitle "EXT 2015"]
[Source "ChessBase"]
[SourceDate "2014.11.20"]
[SourceVersion "1"]
[SourceVersionDate "2014.11.20"]
[SourceQuality "1"]
[WhiteTeam "Leipzig Lindenau"]
[BlackTeam "Harksheide"]
[WhiteTeamCountry "GER"]
[BlackTeamCountry "GER"]

1. d4 Nf6 2. Nf3 c5 3. e3 g6 4. Bd3 Bg7 5. 0-0 0-0 6. c3 d6 7. Nbd2 Nc6 8. Bc2 Qc7 9. Re1 e5 10. dxe5 dxe5 11. e4 Rd8 12. Qe2 b6 13. Nf1 Bb7 14. Bg5 h6 15. Bh4 Rd7 16. Rad1 Rad8 17. Ne3 Rxd1 18. Rxd1 Rxd1+ 19. Qxd1 Ne7 20. Bxf6 Bxf6 21. Nd5 Nxd5 22. exd5 Qd6 23. c4 Bg7 24. Qd3 b5 25. b3 Kh7 26. h4 f5 27. Qe2 e4 28. Nd2 h5 29. Nf1 Bd4 30. Ne3 bxc4 31. bxc4 Bc8 32. Bb3 Qe7 33. g3 f4 34. Nc2 fxg3 35. Nxd4 gxf2+ 36. Qxf2 e3 37. Qe2 cxd4 38. Bc2 Qxh4 39. Qg2 Bg4 40. Bd3 Qe1+ 41. Kh2 e2 42. Bxg6+ Kh6 0-1

[Event "GER-chT U20 Girls"]
[Site "Osnabrueck"]
[Date "2013.12.27"]
[Round "2.1"]
[White "Polert, Annika"]
[Black "Krtschil, Anna"]
[Result "1-0"]
[WhiteElo "1852"]
[BlackElo "1445"]
[PlyCount "113"]
[EventDate "2013.12.27"]
[EventType "team-swiss"]
[EventRounds "7"]
[EventCountry "GER"]
[SourceTitle "EXT 2015"]
[Source "ChessBase"]
[SourceDate "2014.11.20"]
[SourceVersion "1"]
[SourceVersionDate "2014.11.20"]
[SourceQuality "1"]
[WhiteTeam "Harksheide"]
[BlackTeam "Burgtonna"]
[WhiteTeamCountry "GER"]
[BlackTeamCountry "GER"]

1. c4 c5 2. Nc3 Nc6 3. g3 g6 4. Bg2 Bg7 5. Nf3 Nf6 6. d3 0-0 7. Bd2 a6 8. Qc1 d6 9. Bh6 Bd7 10. h4 Ng4 11. Bxg7 Kxg7 12. h5 Rb8 13. Bh3 Rh8 14. h6+ Kf8 15. Ng5 Nf6 16. Bg2 b5 17. cxb5 axb5 18. Qf4 Nd4 19. Kf1 Ne6 20. Nxe6+ Bxe6 21. Ne4 Nxe4 22. Bxe4 b4 23. Kg2 Qd7 24. Bf3 f6 25. d4 Rd8 26. d5 Bf7 27. a3 Qb7 28. Qc4 Be8 29. a4 Ra8 30. b3 Bd7 31. Be4 Kf7 32. f4 Rhg8 33. Qc2 Qa6 34. Bd3 Qb7 35. e4 Qc8 36. Bc4 Rd8 37. Rae1 Qb7 38. Qb2 Bc8 39. e5 Ra7 40. e6+ Kg8 41. g4 Rf8 42. g5 Qc7 43. Bd3 Qd8 44. Re3 Qe8 45. Rg3 Bb7 46. Be4 Ra8 47. Rhh3 Rc8 48. f5 Kh8 49. fxg6 hxg6 50. gxf6 Rxf6 51. Rxg6 Qf8 52. Rf3 c4 53. Rfxf6 exf6 54. Rxf6 Qg8+ 55. Rg6+ c3 56. Qf2 Qf8 57. Qd4+ 1-0

[Event "BL2 West 1314 (Women)"]
[Site "Germany"]
[Date "2013.11.30"]
[Round "1.2"]
[White "Sokalskaja, Elena"]
[Black "Polert, Annika"]
[Result "1-0"]
[WhiteElo "2015"]
[BlackElo "1842"]
[PlyCount "73"]
[EventDate "2013.11.30"]
[EventType "team-tourn"]
[EventRounds "7"]
[EventCountry "GER"]
[SourceTitle "EXT 2018"]
[Source "ChessBase"]
[SourceDate "2017.10.13"]
[SourceVersion "1"]
[SourceVersionDate "2017.10.13"]
[SourceQuality "1"]
[WhiteTeam "Muelheim Nord (W) II"]
[BlackTeam "Norderstedt Harksheide (W)"]
[WhiteTeamCountry "GER"]
[BlackTeamCountry "GER"]

1. d4 d5 2. Nf3 e6 3. c4 Nf6 4. Nc3 Be7 5. g3 c6 6. Bg2 Nbd7 7. 0-0 Nf8 8. Qc2 Ng6 9. Rd1 h5 10. Bg5 h4 11. e4 hxg3 12. hxg3 dxe4 13. Nxe4 Nxe4 14. Bxe7 Nxe7 15. Qxe4 Kf8 16. Ne5 Rh6 17. Rd3 Bd7 18. Rad1 Nf5 19. d5 exd5 20. cxd5 c5 21. d6 Rb8 22. Qd5 Rf6 23. Qxc5 Rc8 24. Qxa7 Bb5 25. Qa3 Kg8 26. R3d2 Qb6 27. d7 Rd8 28. Qc3 Nd6 29. Qd4 Qxd4 30. Rxd4 Nf5 31. Rd5 Bc6 32. Nxc6 bxc6 33. Re5 Kf8 34. Bxc6 Rxc6 35. Rxf5 Rc2 36. Rb5 Rc7 37. Rbd5 1-0

[Event "GER-chT Lands U20"]
[Site "Hannover"]
[Date "2013.10.06"]
[Round "7.5"]
[White "Lagunow, Elina"]
[Black "Polert, Annika"]
[Result "1/2-1/2"]
[WhiteElo "1678"]
[BlackElo "1822"]
[PlyCount "60"]
[EventDate "2013.10.02"]
[EventType "team-swiss"]
[EventRounds "7"]
[EventCountry "GER"]
[SourceTitle "EXT 2014"]
[Source "ChessBase"]
[SourceDate "2013.11.20"]
[SourceVersion "1"]
[SourceVersionDate "2013.11.20"]
[SourceQuality "1"]
[WhiteTeam "Berlin"]
[BlackTeam "Schleswig Holstein"]
[WhiteTeamCountry "GER"]
[BlackTeamCountry "GER"]

1. Nf3 d5 2. g3 Nf6 3. Bg2 e6 4. 0-0 Be7 5. c4 0-0 6. d3 b6 7. Nc3 Bb7 8. e3 c5 9. b3 a6 10. Bb2 Qc7 11. Qe2 Rd8 12. d4 Nbd7 13. Rfd1 Nf8 14. Rac1 dxc4 15. bxc4 Rac8 16. Nb1 N8d7 17. Nbd2 Qb8 18. h3 Qa8 19. Kh2 Ne4 20. Nxe4 Bxe4 21. Ne1 Bxg2 22. Nxg2 Bf6 23. Ne1 Qb7 24. Qf3 Qxf3 25. Nxf3 b5 26. Rc2 cxd4 27. Bxd4 Nf8 28. Rdc1 Bxd4 29. Nxd4 b4 30. c5 e5 1/2-1/2

[Event "GER-ch U16 Girls"]
[Site "Oberhof"]
[Date "2012.06.01"]
[Round "8"]
[White "Polert, Annika"]
[Black "Winterholler, Christina"]
[Result "0-1"]
[WhiteElo "1830"]
[BlackElo "1822"]
[PlyCount "78"]
[EventDate "2012.05.27"]
[EventType "swiss"]
[EventRounds "9"]
[EventCountry "GER"]
[SourceTitle "CBM 148 Extra"]
[Source "ChessBase"]
[SourceDate "2012.06.22"]
[SourceVersion "1"]
[SourceVersionDate "2012.06.22"]
[SourceQuality "1"]

1. g3 e5 2. Bg2 Nf6 3. d3 h6 4. Nf3 Nc6 5. c3 d6 6. Nbd2 Be6 7. 0-0 Qd7 8. b4 Be7 9. b5 Nd8 10. c4 Bh3 11. Bb2 Bxg2 12. Kxg2 Ne6 13. a4 h5 14. h4 Nh7 15. d4 exd4 16. Nb3 g5 17. Rh1 Rg8 18. Nbxd4 gxh4 19. Nxh4 Nf6 20. Ndf5 Ng4 21. Nxe7 Qxe7 22. Qd2 Nc5 23. Qf4 0-0-0 24. Bd4 Qxe2 25. Bxc5 dxc5 26. Rhe1 Qc2 27. Rac1 Qd2 28. Qf5+ Kb8 29. Qxc5 Rd3 30. Nf5 h4 31. Rf1 hxg3 32. Rcd1 Ne3+ 33. Qxe3 gxf2+ 34. Kh2 Qxe3 35. Nxe3 Rxe3 36. Rxf2 Ra3 37. Rxf7 Rxa4 38. Rdd7 Rxc4 39. Rg7 Rf8 0-1

[Event "GER-ch U16 Girls"]
[Site "Oberhof"]
[Date "2012.05.31"]
[Round "7"]
[White "Diederichs, Luise"]
[Black "Polert, Annika"]
[Result "1/2-1/2"]
[WhiteElo "1834"]
[BlackElo "1830"]
[PlyCount "52"]
[EventDate "2012.05.27"]
[EventType "swiss"]
[EventRounds "9"]
[EventCountry "GER"]
[SourceTitle "CBM 148 Extra"]
[Source "ChessBase"]
[SourceDate "2012.06.22"]
[SourceVersion "1"]
[SourceVersionDate "2012.06.22"]
[SourceQuality "1"]

1. d4 d5 2. c4 e6 3. Nc3 Be7 4. Nf3 Nf6 5. Bg5 0-0 6. cxd5 exd5 7. e3 c6 8. Bd3 Nbd7 9. 0-0 Re8 10. Qc2 h6 11. Bxf6 Nxf6 12. Rae1 Bd6 13. e4 dxe4 14. Nxe4 Nxe4 15. Rxe4 Rxe4 16. Bxe4 Be6 17. Rd1 Qd7 18. Ne5 Qc7 19. Nf3 Rd8 20. b3 Qa5 21. h3 Bf4 22. Qe2 Qh5 23. Bc2 Bf5 24. g4 Bxg4 25. hxg4 Qxg4+ 26. Kh1 Qh3+ 1/2-1/2

[Event "GER-ch U16 Girls"]
[Site "Oberhof"]
[Date "2012.05.27"]
[Round "2"]
[White "Tettmann, Ann Kathrin"]
[Black "Polert, Annika"]
[Result "0-1"]
[WhiteElo "1622"]
[BlackElo "1830"]
[PlyCount "56"]
[EventDate "2012.05.27"]
[EventType "swiss"]
[EventRounds "9"]
[EventCountry "GER"]
[SourceTitle "CBM 148 Extra"]
[Source "ChessBase"]
[SourceDate "2012.06.22"]
[SourceVersion "1"]
[SourceVersionDate "2012.06.22"]
[SourceQuality "1"]

1. d4 d5 2. c4 e6 3. Nc3 Be7 4. Nf3 Nf6 5. Bg5 0-0 6. e3 Nbd7 7. cxd5 exd5 8. Bd3 c6 9. Qc2 h6 10. Bh4 Re8 11. 0-0 Ne4 12. Bxe7 Qxe7 13. Rab1 a5 14. a3 f5 15. b4 g5 16. Nd2 Ndf6 17. Rfe1 g4 18. Ne2 Nxf2 19. Kxf2 Qxe3+ 20. Kf1 Ne4 21. Bxe4 fxe4 22. Ng3 Rf8+ 23. Nf3 Qxd4 24. Rbd1 Qg7 25. Kg1 gxf3 26. gxf3 Rxf3 27. Kh1 Bg4 28. Ra1 axb4 0-1

[Event "GER-chT U18 Girls"]
[Site "Germany"]
[Date "2012.05.05"]
[Round "4.1"]
[White "Wolff, Marie Antoinette"]
[Black "Polert, Annika"]
[Result "0-1"]
[WhiteElo "1144"]
[BlackElo "1806"]
[PlyCount "86"]
[EventDate "2012.05.04"]
[EventType "team-swiss"]
[EventRounds "7"]
[EventCountry "GER"]
[SourceTitle "EXT 2014"]
[Source "ChessBase"]
[SourceDate "2013.11.20"]
[SourceVersion "1"]
[SourceVersionDate "2013.11.20"]
[SourceQuality "1"]
[WhiteTeam "Oranienburg Louise Henriette Gym (W)"]
[BlackTeam "Harksheide Gymn (W)"]
[WhiteTeamCountry "GER"]
[BlackTeamCountry "GER"]

1. e4 c5 2. Nf3 d6 3. d4 cxd4 4. Nxd4 Nf6 5. Nc3 a6 6. Be2 e5 7. Nb3 Be6 8. 0-0 Be7 9. Bg5 h6 10. Bxf6 gxf6 11. Nd5 f5 12. exf5 Bxf5 13. Bg4 Be6 14. Bxe6 fxe6 15. Qh5+ Kd7 16. Nxe7 Qxe7 17. Nd2 Nc6 18. Nc4 Rag8 19. Rad1 Rg5 20. Qf3 d5 21. Qb3 Qb4 22. Qd3 Kc7 23. Nd2 e4 24. Qe3 Rhg8 25. Qf4+ Qd6 26. Qxd6+ Kxd6 27. Nxe4+ Ke5 28. Nxg5 hxg5 29. Rfe1+ Kf5 30. Rd3 g4 31. Rde3 e5 32. Kh1 e4 33. h3 Rh8 34. Kh2 Nb4 35. Rc3 Nc6 36. Rg3 gxh3 37. gxh3 Nd4 38. Rd1 Nf3+ 39. Kg2 d4 40. Rg7 Rc8 41. Rf7+ Ke5 42. Re7+ Kf5 43. Kg3 Rg8+ 0-1

[Event "GER-chT U18 Girls"]
[Site "Germany"]
[Date "2012.05.04"]
[Round "2.1"]
[White "Krein, Jana"]
[Black "Polert, Annika"]
[Result "0-1"]
[WhiteElo "1362"]
[BlackElo "1806"]
[PlyCount "120"]
[EventDate "2012.05.04"]
[EventType "team-swiss"]
[EventRounds "7"]
[EventCountry "GER"]
[SourceTitle "EXT 2014"]
[Source "ChessBase"]
[SourceDate "2013.11.20"]
[SourceVersion "1"]
[SourceVersionDate "2013.11.20"]
[SourceQuality "1"]
[WhiteTeam "Trier (W)"]
[BlackTeam "Harksheide Gymn (W)"]
[WhiteTeamCountry "GER"]
[BlackTeamCountry "GER"]

1. e4 c5 2. Nf3 d6 3. Bb5+ Bd7 4. Bxd7+ Qxd7 5. 0-0 Nf6 6. d3 g6 7. Nc3 Nc6 8. Rb1 Bg7 9. Bg5 0-0 10. Qd2 Rfc8 11. Rfe1 e6 12. h3 Rab8 13. a3 b5 14. Ne2 Ne8 15. Bh6 Bh8 16. c3 a5 17. Ng3 a4 18. Kf1 Na5 19. Qc2 b4 20. c4 Nb3 21. Be3 Rb7 22. Nd2 Na5 23. Kg1 b3 24. Qd1 d5 25. exd5 exd5 26. Bf4 Nc7 27. Bh6 Ne6 28. Ne2 Rd8 29. cxd5 Qxd5 30. Nf3 Qxd3 31. Qxd3 Rxd3 32. Nf4 Rd6 33. Nxe6 Rxe6 34. Ng5 Re5 35. Rxe5 Bxe5 36. Re1 Re7 37. Nf3 Bf6 38. Rd1 Re8 39. Rd5 Nc4 40. Rxc5 Nxb2 41. Kh2 Nd3 42. Rb5 Nxf2 43. Ne1 Ne4 44. Nd3 Nc3 45. Rb7 Nb1 46. Rb6 Bg7 47. Bxg7 Kxg7 48. Rb4 Rd8 49. Nc5 Nc3 50. Nxb3 axb3 51. Rxb3 Ne4 52. a4 Ra8 53. Ra3 Ra5 54. g3 Nc5 55. h4 Rxa4 56. Rc3 Ra2+ 57. Kh3 Ne4 58. g4 Nxc3 59. Kg3 h5 60. gxh5 gxh5 0-1

[Event "GER-chT Lands U21"]
[Site "Xanten"]
[Date "2011.11.01"]
[Round "4.3"]
[White "Noe, Christopher"]
[Black "Polert, Annika"]
[Result "1-0"]
[WhiteElo "2117"]
[BlackElo "1846"]
[PlyCount "75"]
[EventDate "2011.10.31"]
[EventType "team-swiss"]
[EventRounds "7"]
[EventCountry "GER"]
[SourceTitle "EXT 2022"]
[Source "ChessBase"]
[SourceDate "2021.10.06"]
[SourceVersion "1"]
[SourceVersionDate "2021.10.06"]
[SourceQuality "1"]
[WhiteTeam "Baden U21"]
[BlackTeam "Schleswig Holstein/NDS U21"]
[WhiteTeamCountry "GER"]
[BlackTeamCountry "GER"]

1. e4 c5 2. Nf3 d6 3. d3 Nf6 4. g3 g6 5. Bg2 Bg7 6. 0-0 0-0 7. Nbd2 Nc6 8. c3 Bd7 9. Re1 Rb8 10. Nf1 b5 11. d4 cxd4 12. cxd4 d5 13. e5 Ne8 14. Ne3 Nc7 15. h4 b4 16. h5 e6 17. Ng4 f6 18. exf6 Bxf6 19. hxg6 hxg6 20. Qd3 Kh7 21. Nxf6+ Qxf6 22. Bf4 Rb7 23. Ne5 Nxe5 24. Rxe5 Bb5 25. Qc2 Kg8 26. Rae1 Be8 27. Bh3 Nb5 28. Qc8 Rb6 29. Rxe6 Rxe6 30. Rxe6 Qf7 31. Qc5 g5 32. Re5 Qf6 33. Rxg5+ Kh7 34. Rxd5 Qg7 35. Rh5+ Bxh5 36. Qxh5+ Kg8 37. Be6+ Rf7 38. Be5 1-0

[Event "GER-ch U16 Girls"]
[Site "Oberhof"]
[Date "2011.06.15"]
[Round "6"]
[White "Kuehnel, Lena"]
[Black "Polert, Annika"]
[Result "1/2-1/2"]
[WhiteElo "1893"]
[BlackElo "1718"]
[PlyCount "168"]
[EventDate "2011.06.11"]
[EventType "swiss"]
[EventRounds "9"]
[EventCountry "GER"]
[SourceTitle "CBM 142 Extra"]
[Source "ChessBase"]
[SourceDate "2011.06.27"]
[SourceVersion "1"]
[SourceVersionDate "2011.06.27"]
[SourceQuality "1"]

1. e4 e5 2. Nf3 Nc6 3. Bb5 a6 4. Ba4 Nf6 5. 0-0 Nxe4 6. d4 b5 7. Bb3 d5 8. dxe5 Be6 9. c3 Bc5 10. Nbd2 Nxd2 11. Bxd2 h6 12. Re1 0-0 13. Be3 Bxe3 14. Rxe3 Na5 15. Nd4 c5 16. Nxe6 fxe6 17. Bc2 Qh4 18. g3 Qe7 19. Qd3 Rf5 20. g4 c4 21. Qd4 Rff8 22. Rae1 Qf7 23. Qd2 Nc6 24. Bb1 Qf4 25. Qe2 Ra7 26. f3 g5 27. Qc2 Qf7 28. Rd1 Qg7 29. Qe2 Ne7 30. Qc2 Kf7 31. Kg2 Ng6 32. Qxg6+ Qxg6 33. Bxg6+ Kxg6 34. Kg3 Rf4 35. h4 a5 36. Rd4 Rxd4 37. cxd4 Rf7 38. hxg5 hxg5 39. Ra3 a4 40. Kf2 Ra7 41. Ke2 b4 42. Re3 Rf7 43. a3 bxa3 44. Rxa3 Rb7 45. Rxa4 Rxb2+ 46. Ke3 Rb3+ 47. Ke2 Rd3 48. Ra6 Rxd4 49. Rxe6+ Kf7 50. Rc6 Rd3 51. Rd6 d4 52. Rf6+ Ke7 53. f4 gxf4 54. Rxf4 Ke6 55. g5 Kxe5 56. Rg4 Kf5 57. Rg1 Re3+ 58. Kd2 Re6 59. Rc1 Rc6 60. Rg1 Rg6 61. Rc1 Rxg5 62. Rxc4 Ke4 63. Rc8 Rg2+ 64. Ke1 Kd3 65. Rh8 Re2+ 66. Kd1 Re5 67. Rh3+ Re3 68. Rh8 Rg3 69. Ke1 Kc2 70. Rh2+ Kc1 71. Rh4 Rd3 72. Ke2 Kc2 73. Rh8 Rc3 74. Rd8 d3+ 75. Ke1 Rc4 76. Rd7 Re4+ 77. Kf1 Kd2 78. Ra7 Re1+ 79. Kf2 Rc1 80. Rd7 Rc3 81. Rd8 Kd1 82. Rh8 Kd2 83. Rd8 Rc2 84. Kf3 Kc3 1/2-1/2

[Event "GER-ch U16 Girls"]
[Site "Oberhof"]
[Date "2011.06.14"]
[Round "4"]
[White "Polert, Annika"]
[Black "Zeller, Elisa"]
[Result "1-0"]
[WhiteElo "1718"]
[BlackElo "1795"]
[PlyCount "81"]
[EventDate "2011.06.11"]
[EventType "swiss"]
[EventRounds "9"]
[EventCountry "GER"]
[SourceTitle "CBM 142 Extra"]
[Source "ChessBase"]
[SourceDate "2011.06.27"]
[SourceVersion "1"]
[SourceVersionDate "2011.06.27"]
[SourceQuality "1"]

1. g3 g6 2. Bg2 Bg7 3. e4 d6 4. Ne2 Nf6 5. 0-0 0-0 6. c4 Nbd7 7. Nbc3 e5 8. d3 c6 9. b4 Qc7 10. a4 a5 11. b5 Re8 12. Ba3 c5 13. h3 Nb6 14. Ra2 h6 15. Bc1 Rf8 16. Qe1 Bd7 17. Nd1 Nc8 18. Ne3 Ne7 19. Nc3 b6 20. Kh1 Kh7 21. Ncd5 Nfxd5 22. cxd5 f5 23. f4 fxe4 24. dxe4 Ng8 25. Nc4 Rae8 26. Re2 Bc8 27. Bb2 Qd8 28. Qa1 Qc7 29. Rff2 g5 30. fxe5 Rxf2 31. Rxf2 dxe5 32. d6 Qd8 33. Bxe5 Rxe5 34. Rf7 Kg6 35. Rxg7+ Kxg7 36. Qxe5+ Qf6 37. Qxf6+ Kxf6 38. e5+ Ke6 39. Bf3 h5 40. Nxb6 Bd7 41. Bd5+ 1-0